ბათუმის შოთა რუსთაველის სახელმწიფო უნივერსიტეტის ბიბლიოთეკა

სამშენებლო მექანიკა.ნაშენთა ანგარიში მდგრადობაზე და დინამიკურ დატვირთვებზე. (ბიბ.ჩანაწერი № 38797)

000 -ლიდერი
ფიქსირებული სიგრძის საკონტროლო ველი 01221nam a2200241Ia 4500
001 - საკონტროლო ნომერი
საკონტროლო ველი 5159
003 - საკონტროლო ნომრის იდენტიფიკატორი
საკონტროლო ველი GE_BSU
005 - ბოლო ოპერაციის თარიღი და დრო
საკონტროლო ველი 20190422195929.0
008 - ფიქსირებული სიგრძის მონაცემთა ელემენტები - ზოგადი ინფორმაცია
ფიქსირებული სიგრძის საკონტროლო ველი 181216sge ||||196|||||||||||||| ||geo||
040 ## - კატალოგიზაციის წყარო
Transcribing agency GE_BSU
041 ## - ენის კოდი
Language code of text/sound track or separate title geo
080 ## - უნივერსალური ათობითი კლასიფიკაციის ინდექსი
Universal Decimal Classification number 624.04+624.041.2 ა-89
100 ## - მთავარი ჩანაწერი - პიროვნების სახელი
Personal name ასტვაცატუროვი, ა
9 (RLIN) 346
245 ## - ცნობა სათაურის შესახებ
Title სამშენებლო მექანიკა.ნაშენთა ანგარიში მდგრადობაზე და დინამიკურ დატვირთვებზე.
Remainder of title ნაწ : III /
Statement of responsibility, etc ა.ასტვაცატუროვი, რედ. ო. ონიაშვილი.
264 ## - წარმოების, გამოცემის, დისტრიბუციის და სხვა ცნობები
გამოცემის, წარმოების, დისტრიბუციის... ადგილი თბილისი
გამოცემის, წარმოების, დისტრიბუციის... სახელწოდება ცოდნა ,
გამოცემის, წარმოების, დისტრიბუციის... თარიღი 1963 .
300 ## - ფიზიკური აღწერა
Extent 296 გვ ;
Dimensions 27სმ .
500 ## - ზოგადი შენიშვნა
General note დანართები.
504 ## - BIBLIOGRAPHY, ETC. NOTE
Bibliography, etc ბიბლიოგრ. : გვ.293.
653 ## - INDEX TERM--UNCONTROLLED
Uncontrolled term ნაშენთა ანგარიში მდგრადობაზე და დინამიკურ დატვირთვებზე
653 ## - INDEX TERM--UNCONTROLLED
Uncontrolled term სამშენებლო მექანიკა.
700 ## - ADDED ENTRY--PERSONAL NAME
Personal name ო. ონიაშვილი.
Relator term რედაქტორი
9 (RLIN) 351
942 ## - ADDED ENTRY ELEMENTS (KOHA)
Koha item type წიგნი
Source of classification or shelving scheme
ეგზემპლარები
ჩამოწერის სტატუსი დაკარგული ეგზემპლარის სტატუსი კლასიფიკაციის წყარო ან თაროზე გაწყობის სქემა დაზიანების სტატუსი არ გაიცემა მუდმივი მდებარეობა (დაცვის ადგილი) ამჟამინდელი ადგილსამყოფელი თაროზე განთავსების ადგილი შეძენის თარიღი ღირებულება, შესყიდვის ნორმალური ფასი სრული შენახვის შიფრი შტრიხკოდი ბოლო ოპერაციის თარიღი ეგზემპლარის მიმდევრობითი ნომერი (კეტერი?) ფასის ძალაში შესვლის თარიღი ეგზემპლარის სახეობა საჯარო შენიშვნა
          ტექნოლოგიური ფაკულტეტის ბიბლიოთეკა ტექნოლოგიური ფაკულტეტის ბიბლიოთეკა წიგნსაცავი 2018-12-17 1.00 624.04+624.041.2 ა-89 11296 2018-12-17 11296 2018-12-17 წიგნი 1 ლ. 48თ.
          ტექნოლოგიური ფაკულტეტის ბიბლიოთეკა ტექნოლოგიური ფაკულტეტის ბიბლიოთეკა წიგნსაცავი 2018-12-17 1.00 624.04+624.041.2 ა-89 11297 2018-12-17 11297 2018-12-17 წიგნი 1 ლ.48თ.
          ტექნოლოგიური ფაკულტეტის ბიბლიოთეკა ტექნოლოგიური ფაკულტეტის ბიბლიოთეკა წიგნსაცავი 2018-12-17 1.00 624.04+624.041.2 ა-89 11298 2018-12-17 11298 2018-12-17 წიგნი 1 ლ. 48თ.